| 000 | 00445nam a2200133Ia 4500 | ||
|---|---|---|---|
| 008 | 170221s9999 xx 000 0 und d | ||
| 245 | _aChildren's Facebook Usage: Parental Awareness, Attitudes and Behavior Asnat Dor, Dana Weimann-Saks | ||
| 260 | _bStudies in Media and Communication | ||
| 260 | _c2016 | ||
| 300 | _a15 : | ||
| 650 | _xCommunication | ||
| 650 | _xMedia Arts | ||
| 856 | _uhttp://redfame.com/journal/index.php/smc/issue/view/6 | ||
| 999 |
_c312930 _d312930 |
||